Some aspects of family in Mahuva : a sociological study of jointness in a small town.

Na minha lista:
Detalhes bibliográficos
Autor principal: Desai I P.
Formato: Livro
Idioma:English
Publicado em: N.Y. : Asia Pub. House, 1965.
Colecção:Maharaja Sayajira University of Baroda - Department of Soci
Assuntos:
LEADER 00811nam a22002051 4500
001 c000361148
003 CARM
005 00000000000000.0
008 851113s1965 nyu 0 eng d
019 1 |a 57739850  |z 4140598  |5 LACONCORD2021 
035 |a (OCoLC)534774  |5 LACONCORD2021 
100 0 |a Desai  |b I P. 
245 1 0 |a Some aspects of family in Mahuva :  |b a sociological study of jointness in a small town. 
260 |a N.Y. :  |b Asia Pub. House,  |c 1965. 
490 0 |a Maharaja Sayajira University of Baroda - Department of Soci 
650 0 |a Families  |z India. 
852 8 |b CARM  |h A1:AM07G0  |i B09293  |p 0426526  |f BK 
082 0 4 |a 301.421 
999 f f |i 56d51c37-2cd3-5fff-99b2-b96d91dcd66c  |s 4c02d587-c0a1-5587-87b8-343e1e4ec93d 
952 f f |p Can circulate  |a CAVAL  |b CAVAL  |c CAVAL  |d CARM 1 Store  |e B09293  |f A1:AM07G0  |h Other scheme  |i book  |m 0426526